• 首页
  • 本馆介绍
  • 公告通知
  • 最新文献
  • 馆藏检索
  • 电子资源
  • 读者导购
  • 参考咨询
  • 我的图书馆
  • 登录
  • 详细信息显示
  • 放入我的书架
  • 预约/预借图书
  • 作者相关作品
  • 分类相关作品
  • 丛书相关作品
  • 出版社相关作品

书目信息

  • 表格格式
  • 工作单格式
  • 卡片格式
题名:
在扩大的中央工作会议上的讲话
    
 
作者: 毛泽东 著
分册:  
出版信息: 北京   人民出版社  1978
页数: 35页
开本: 20cm
丛书名:
单 册:
中图分类: A426
科图分类:
主题词: 毛泽东著作--单行本--1962
电子资源:
ISBN:
000 00617nam0 2200217 45
001 0178002499
005 20060726090620.51
010    @dCNY0.12
091    @aCN@b1001.1159
100    @a19950714d1978 em y0chiy0121 ea
101 0  @achi
102    @aCN@b110000
105    @ay z 000yy
200 10 @a在扩大的中央工作会议上的讲话@Azai kuo da de zhong yang gong zuo hui yi shang de jiang hua@f毛泽东著
210    @a北京@c人民出版社@d1978
215    @a35页@d20cm
606    @a毛泽东著作@x单行本@z1962
690    @aA426@v3
701  0 @a毛泽东@Amao ze dong@4著
801  0 @aCN@bTSSF@c20060726
905    @a10447@dA426@e26
    
    在扩大的中央工作会议上的讲话/毛泽东著.-北京:人民出版社,1978
    35页;20cm
    
    
    ISBN :CNY0.12
    
●
相关链接 在E读中查询图书 在五车中查询图书 在当当中查询图书 在豆瓣中查询图书


正题名:在扩大的中央工作会议上的讲话     索取号:A426/26         预约/预借

序号 登录号 条形码 馆藏地/架位号 状态 备注
1 0426453   204264535   密集书库/ [索取号:A426/26] 在馆    
2 0426454   204264544   密集书库/ [索取号:A426/26] 在馆    
唐山师范学院图书馆 欢迎您!
大连网信软件有限公司© 版权所有